| 000 | 01239nam0a2200349 4500 | ||
|---|---|---|---|
| 001 | RU\NLR\bibl\1432312 | ||
| 005 | 20250615221957.0 | ||
| 010 |
_a978-5-386-01522-0 _95000 |
||
| 021 |
_aRU _b2009-71953 _94467 |
||
| 035 | _a(nilc)RSL-KNO-004381541 | ||
| 035 | _a(NLR Aleph) 001424222 | ||
| 090 |
_a1361857 _c1361857 |
||
| 100 | _a20090914d2009 |||y0rusy50 ca | ||
| 101 | 0 | _arus | |
| 102 | _aRU | ||
| 105 | _ay ||||||||| | ||
| 200 | 1 |
_aЦарственное слово _eсимфония разума и мудрости _fсост. Е. Окунцова |
|
| 210 |
_aМосква _cРИПОЛ классик _d2009 |
||
| 215 |
_a1182, [1] с. _d22 |
||
| 320 | _aУказатели: имен, источников, темат. рубрик: с. 1125-1183 | ||
| 517 | 0 | _aСимфония разума и мудрости | |
| 606 | 1 |
_aАфоризмы _jСборники _91063027 _3RU\NLR\auth\6694446 |
|
| 686 |
_aЮ0я48 _2rubbk |
||
| 686 | _aЯ438(0) | ||
| 702 | 1 |
_aОкунцова _bЕ. А. _gЕлена Андреевна _4220 |
|
| 801 | 0 |
_aRU _bРГБ _c20090914 _grcr |
|
| 801 | 1 |
_aRU _bРГБ _c20090914 |
|
| 801 | 2 |
_aRU _bNLR _c20091030 _grcr |
|
| 830 | _aсост. по кн. | ||
| 942 | _cBOOK | ||
| 980 | _aNB | ||